Регионална библиотека "Любен Каравелов" - Русе

Лясковец на Морава (Запис номер 342475)

MARC детайли
000 -Лидер
Контролно поле с фиксирана дължина 00784nam a2200253 c 4500
003 - Код на организацията, давaща контролен номер
Контролно поле BLK
005 - Дата и час на последна редакция
Контролно поле 20190913121201.0
008 - Елементи от данни с фиксирана дължина
fixed length control field 180911b bul|||||r ||||||| ||bul||
010 ## - Наследен системен номер
LC control number 002114
040 ## - Източник на каталожния запис
Идентификатор на билиотеката - собственик на записа BLK
041 ## - Код за език
Код за езика на текст/звукозапис или на отделно заглавие Български
080 ## - УДК
УДК - код + определител 949.72
100 1# - Редна дума - Автор
Автор ПЪРЛИЧЕВ, Кирил
Авторска отговорност първи автор
245 00 - Сведения за заглавието
Заглавие Лясковец на Морава
246 ## - Различни форми на заглавието
Паралелно заглавие Ист. бележки
260 ## - Област на издателските данни
Място на издаване, разпространение и проч. Скопие
Година на издаване 1916
Печатница Общин. печ.
300 ## - Физическа характеристика
Страници 16 с
Илюстрации и др. с к.
Размери/Мащаб 21 см
380 ## - Жанр
Жанр История
490 ## - СЕРИИ (Колекции)
Име на серия Частна колекция - Академик Михаил Арнаудов
Бележки за серията Дарение - Основен фонд
655 ## - Ключова дума – жанр/разновидност
Данни за жанр/разновидност или ключова дума за фокус българска история
700 1# - Други автори (авторска отговорност)
Лично име К. Пърличев
852 ## - Местоположение
Форматна сигнатура МА 2894
942 ## - АРТИКУЛИ
Вид на библиотечния материал Книги
Скрит в OPAC Не
944 ## - СЪЗДАВАНЕ И РЕДАКЦИЯ на ЗАПИСА
Създаване/Редакция Създаване
Дата на регистрацията/редакция 1994
999 ## - СИСТЕМНИ КОНТРОЛНИ НОМЕРА
Koha biblionumber 342475
Koha biblioitemnumber 342475
Наличности
Код за отписване Код за изгубен артикул Източник на класификационната схема Код за повреда Коз за рестрикции Код за отдаване Артикулен № Име на библиотеката - собственик Име на библиотеката, в която се намира в момента Статус (Текущо местоположение) Местоположение - отдел Цена в лева Номерация (Хронология) Инвентарен номер Систематично азбучна сигнатура Баркод Номер на екземпляра Цена в евро Служебен тип на артикула
  Не е изгубен Universal Decimal Classification Не е повреден без рестрикции ползва се в читалня 742536 Регионална библиотека "Любен Каравелов" Русе Регионална библиотека "Любен Каравелов" Русе Фонд "Михаил Арнаудов" Фонд "Михаил Арнаудов" 5.00   589028 МА 2894 120000589028 1 2.56 Книги
Vip Innovations Ltd, Rousse, Bulgaria 2025